000 01248cab a2200181 4500
001 L130635
008 050819n2005 000 0 eng u
035 _a(Sirsi) u130635
041 _aeng
100 _aCarpenter, Jamie
245 4 _aThe nuclear test
260 _c2005
490 _aRegeneration and Renewal
_v12 August 2005, 18-19(2)
520 _aExamines arguably the toughest brownfield remediation challenge facing regeneration professionals: bringing former nuclear power station sites back into use. Of the 12 operational nuclear power plants in Britain five will be shut down by 2010 and Sizewell B, the final nuclear power station, ceases production in 2035. Considers the special issue of radioactivity and how it can be dealt with in the remediation process. Indicates the possible end uses of former nuclear sites. Looks at the restoration work of the United kingdom Atomic Energy Authority and the special problems presented by Sellafield. Concludes with some insights into the economic regeneration strategies being carried out following the closure of nuclear power sites. Lists the remaining operational nuclear power stations.
590 _aIKA300805
690 _aPROPERTY-PROPERTY MANAGEMENT-REGENERATION
942 _n0
999 _c75748
_d75748